000
00309nam a2200121Ia 4500
003
GCL
008
140319s9999 xx 000 0 ara d
040
_a
GCL /
_c
GCL
082
0
4
_a
د
_b
050
245
1
0
_a
طرائف روؤساء امريكا ( اقرا 523 )
300
_a
98 ص
490
_a
وثائق ونصوص
_v
0
999
_c
27151
_d
27151